CorelDRAW X4 : (Record no. 33266)

MARC details
000 -LEADER
fixed length control field 01068cam a2200265 a 4500
005 - DATE AND TIME OF LATEST TRANSACTION
control field 20230818094654.0
008 - FIXED-LENGTH DATA ELEMENTS--GENERAL INFORMATION
fixed length control field 080717s2008 nyuaf 001 0 eng
010 ## - LIBRARY OF CONGRESS CONTROL NUMBER
LC control number 2008031692
020 ## - INTERNATIONAL STANDARD BOOK NUMBER
ISBN 9780071545709 (alk. paper)
020 ## - INTERNATIONAL STANDARD BOOK NUMBER
ISBN 0071545700 (alk. paper)
035 ## - SYSTEM CONTROL NUMBER
System control number (OCoLC)ocn234257261
035 ## - SYSTEM CONTROL NUMBER
System control number (OCoLC)234257261
040 ## - CATALOGING SOURCE
Original cataloging agency DLC
Transcribing agency DLC
Modifying agency C#P
-- BAKER
-- BWX
-- YDXCP
-- CDX
-- IXA
-- VP@
-- JP3
-- DLC
082 00 - DEWEY DECIMAL CLASSIFICATION NUMBER
Classification number 006.686
Edition number 22
Item number BOU-C
100 1# - MAIN ENTRY--AUTHOR
Author Name Bouton, Gary David,
Dates associated with a name 1953-
245 10 - TITLE STATEMENT
Title CorelDRAW X4 :
Remainder of title the official guide /
Statement of responsibility, etc. Gary David Bouton.
260 ## - PUBLICATION, DISTRIBUTION, ETC.
Place of Publication New York :
Name of publisher, distributor, etc. McGraw-Hill,
Date of publication, distribution, etc. c2008.
300 ## - PHYSICAL DESCRIPTION
Pages xxxii, 892 p., [8] p. of plates :
500 ## - GENERAL NOTE
General note Includes index.
650 #0 - SUBJECT ADDED ENTRY--TOPICAL TERM
Subject / Department Computer graphics.
300 ## - PHYSICAL DESCRIPTION
-- ill. (some col.) ;
-- 24 cm.
856 41 -
-- Table of contents only
-- http://www.loc.gov/catdir/toc/ecip0823/2008031692.html
906 ## - LOCAL DATA ELEMENT F, LDF (RLIN)
a 7
b cbc
c orignew
d 1
e ecip
f 20
g y-gencatlg
952 ## - LOCATION AND ITEM INFORMATION (KOHA)
-- 0
-- 0
Holdings
Lost status Damaged status Permanent Location Current Location Shelving Location Date acquired Full Call Number Accession No./Barcode Date last seen item type
    Superior Information Resource Center (SIRC) Superior University- Gold Campus Superior Information Resource Center (SIRC) Superior University- Gold Campus Graphic design 08/18/2023 006.686 BOU-C 2008 19650 08/18/2023 BOOK

Powered by Koha